| 000 | 01037pam a2200313 a 4500 | ||
|---|---|---|---|
| 001 | 4260005 | ||
| 003 | 0-471-059056 | ||
| 005 | 20211208152548.0 | ||
| 008 | 840910s1985 njua b 001 0 eng | ||
| 010 | _a 84018173 | ||
| 020 | _a0135883695 | ||
| 038 | _aAmir SMME | ||
| 040 |
_aDLC _cDLC _dDLC |
||
| 050 | 0 | 0 |
_aT60.7 _b.M86 1985 |
| 082 | 0 | 0 |
_a658.542 _219 _bMUN |
| 100 | 1 |
_aMundel, Marvin Everett, _d1916- _935799 |
|
| 245 | 1 | 0 |
_aMotion and Time Study : _bImproving Productivity / _cMarvin E. Mundel. |
| 250 | _a7th ed. | ||
| 260 |
_aEnglewood Cliffs, N.J. : _bPrentice-Hall, _cc1985. |
||
| 300 |
_axvi, 752 p. : _bill. ; _c24 cm. |
||
| 440 | 0 |
_aPrentice-Hall international series in industrial and systems engineering _986110 |
|
| 500 | _aPaperback. | ||
| 504 | _aIncludes bibliographical references and index. | ||
| 563 | _aHARD Cover | ||
| 650 | 0 |
_aMotion study. _986111 |
|
| 650 | 0 |
_aTime study. _986112 |
|
| 906 |
_a7 _bcbc _corignew _d1 _eocip _f19 _gy-gencatlg |
||
| 942 |
_2ddc _cBK _h658.542 _i14 |
||
| 999 |
_c31501 _d31501 |
||